Financial and fiscal instruments for catastrophe risk management (Record no. 84812)
[ view plain ]
| 000 -LEADER | |
|---|---|
| fixed length control field | 01814nam a2200361 a 4500 |
| 082 04 - DEWEY DECIMAL CLASSIFICATION NUMBER | |
| Classification number | 368.1/22200943 |
| 100 1# - MAIN ENTRY--AUTHOR NAME | |
| Personal name | Pollner, John D., |
| 245 10 - TITLE STATEMENT | |
| Title | Financial and fiscal instruments for catastrophe risk management |
| 260 ## - PUBLICATION, DISTRIBUTION, ETC. (IMPRINT) | |
| Place of publication | Washington, D.C. : |
| Name of publisher | World Bank, |
| Year of publication | 2012. |
| 300 ## - PHYSICAL DESCRIPTION | |
| Number of Pages | xv, 197 p. : |
| Other physical details | ill. |
| 490 0# - SERIES STATEMENT | |
| Series statement | World Bank study |
| 505 0# - FORMATTED CONTENTS NOTE | |
| Formatted contents note | Executive summary -- Risk analysis & financial instruments for managing catastrophe exposures -- Central and Eastern Europe catastrophe exposure and vulnerability -- Modeling for losses correlated to flood magnitude triggers -- Private insurance markets and public disaster financing mechanisms -- Fiscal sustainability effects of natural disaster shocks -- Overall conclusions of the report -- Bibliography. |
| 650 #0 - SUBJECT ADDED ENTRY--TOPICAL TERM | |
| Topical Term | Financial risk management |
| Topical Term | Disaster insurance |
| Topical Term | Floods |
| 856 40 - ELECTRONIC LOCATION AND ACCESS | |
| Uniform Resource Identifier | http://site.ebrary.com/lib/rucke/Doc?id=10580577 |
No items available.
